| 000 | 00934nam a2200301 i 4500 | ||
|---|---|---|---|
| 001 | 000047579 | ||
| 003 | DO-SdBNP | ||
| 005 | 20250227073850.0 | ||
| 007 | ta | ||
| 008 | 180703s2017 dr 000 spa d | ||
| 020 | _a9789945489477 | ||
| 040 |
_aDO-SdBNP _bspa _cBNPHU _erda |
||
| 041 | _aspa | ||
| 082 | 4 |
_aRD863.44 _bA347c _222 |
|
| 100 | 1 |
_aAlcántara Almánzar, José _d1946- _eautor _4aut. _97018 |
|
| 245 | 1 | 0 |
_aCallejón sin salida. / _cJosé Alcántara Almánzar. |
| 264 | 4 |
_aSanto Domingo : _bEditorial Santuario, _c©2017. |
|
| 300 |
_a145 páginas ; _c23 cm. |
||
| 336 |
_atexto _btxt _2rdacontent |
||
| 337 |
_asin mediación _bn _2rdamedia |
||
| 338 |
_avolumen _bnc _2rdacarrier |
||
| 500 | _aIncluye datos biográficos del autor en la solapa de la portada. | ||
| 590 | _aInventariado, 2018/DG | ||
| 650 | 4 | _aCuentos dominicanos | |
| 650 | 4 | _aLiteratura dominicana. | |
| 910 | _aYLockward | ||
| 942 |
_2ddc _cLBS1 |
||
| 999 |
_c47067 _d47067 |
||